Handbook of intercultural training (Record no. 260688)

MARC details
000 -LEADER
fixed length control field 00712nam a2200253Ia 4500
003 - CONTROL NUMBER IDENTIFIER
control field OSt
005 - DATE AND TIME OF LATEST TRANSACTION
control field 20220918214445.0
008 - FIXED-LENGTH DATA ELEMENTS--GENERAL INFORMATION
fixed length control field 220917b |||||||| |||| 00| 0 eng d
037 ## - SOURCE OF ACQUISITION
Terms of availability Textual
040 ## - CATALOGING SOURCE
Original cataloging agency ARTS
Transcribing agency ARTS
Language of cataloging eng
041 ## - LANGUAGE CODE
Source of code eng
Language code of text/sound track or separate title eng
100 ## - MAIN ENTRY--PERSONAL NAME
Personal name Landis Dan Ed.
9 (RLIN) 131434
245 #0 - TITLE STATEMENT
Title Handbook of intercultural training
260 ## - PUBLICATION, DISTRIBUTION, ETC.
Place of publication, distribution, etc. Brislin
Name of publisher, distributor, etc. Pergamon
Date of publication, distribution, etc. 1983
490 ## - SERIES STATEMENT
Series statement Pergamon General Psychology series
650 ## - SUBJECT ADDED ENTRY--TOPICAL TERM
Topical term or geographic name entry element SOCIOLOGY
700 ## - ADDED ENTRY--PERSONAL NAME
Personal name Brislin Richard W Ed.
9 (RLIN) 84458
942 ## - ADDED ENTRY ELEMENTS (KOHA)
Classification part Y:1g, M3.1
Koha item type Textual
Source of classification or shelving scheme Colon Classification (CC)
Holdings
Withdrawn status Lost status Damaged status Not for loan Home library Current library Date acquired Total Checkouts Full call number Barcode Date last seen Price effective from Koha item type
        Arts Library Arts Library 2022-09-18   Y:1g M3.1 AL0884736 2022-09-18 2022-09-18 Textual
Copyright @ Delhi University Library System